000 00521nam a2200169Ia 4500
999 _c28629
_d28629
003 OSt
005 20210106092953.0
008 190216s9999||||xx |||||||||||||| ||und||
040 _coclc
082 _a894.812301
_bCHA/A
100 _aChandroth, Susmesh
_96827
245 0 _aAashupathrikal Avashyapedunna Lokam /
_cSusmesh Chandroth
260 _bSankeerthanam,
_aKollam:
_c2006.
300 _a120p
650 _aMalayalam Novel-Malayalam
942 _cBK
_2ddc
_h894.812301
_iCHA/A
_k894.812301
_mCHA/A